| 000 | 00354nam a2200145Ia 4500 | ||
|---|---|---|---|
| 005 | 20251222153542.0 | ||
| 008 | 251222s9999||||xx |||||||||||||| ||spa|| | ||
| 020 | _a87884974491 | ||
| 082 | _a342.720.6/P26 | ||
| 100 | _aParada, Ramón | ||
| 245 | 0 | _aDerecho Administrativo II: | |
| 250 | _a19a. ed. | ||
| 264 | _bMarcial Pons Ediciones | ||
| 942 | _cLIB | ||
| 999 |
_c30514 _d30514 |
||